TV To-Do Lists Quiz Stats

 Plays Quiz Updated Sep 2, 2016

Score 0/15 Timer 06:00
5 Plays Today
% Correct
Breaking Bad
94.6%
The Flintstones
92.4%
SpongeBob SquarePants
91.3%
The Simpsons
87.2%
The Office (US)
84.3%
House M.D.
82.5%
Scooby-Doo, Where Are You!
82.2%
Gilligan's Island
76.3%
% Correct
MythBusters
72.8%
Doctor Who
68.2%
Futurama
66%
Arrow
53.5%
How I Met Your Mother
51.1%
Avatar: The Last Airbender
47.8%
Pinky and the Brain
38.1%

You're not logged in!

Compare scores with friends on all Sporcle quizzes.
OR
Log In

Sporcle TV

Today on Sporcle TV


Watch our educational content, quiz creation guides, and fun videos on Sporcle TV.

Show Comments

Extras

Top Quizzes Today


Score Distribution

Your Account Isn't Verified!

In order to create a playlist on Sporcle, you need to verify the email address you used during registration. Go to your Sporcle Settings to finish the process.

Report this User

Report this user for behavior that violates our Community Guidelines.

Details: